| 000 | 00430nam a2200169Ia 4500 | ||
|---|---|---|---|
| 008 | 220803s9999 xx 000 0 und d | ||
| 020 | _a9781849945141 | ||
| 041 | _aeng | ||
| 082 | _a722 | ||
| 100 |
_aCharlton S Ed. _926992 |
||
| 245 | _a100 Churches 100 Years. | ||
| 260 |
_aLondon _bBatsford. _c2019 |
||
| 300 | _a206p | ||
| 500 | _a30 | ||
| 650 |
_aArchitectural History _926993 |
||
| 700 |
_aHarwood E Ed. Price C Ed. _926994 |
||
| 999 |
_c17178 _d17178 |
||